| 000 | 00759nam a2200241 u 4500 | ||
|---|---|---|---|
| 005 | 20240426063723.0 | ||
| 008 | 160530s2009 r 000 0 eng d | ||
| 020 | _a9788471538321 | ||
| 035 | _aUPN01000210821 | ||
| 049 | _aI | ||
| 050 | 4 |
_aPZ78 _bC3.27 |
|
| 100 | 1 |
_aCasanovas i Romeu, Angels _933294 |
|
| 245 | 1 | 1 |
_a¡A recoger! / _cÁngels Casanovas, Jordi Induráin ; il. Isabel Caruncho. |
| 260 |
_aBarcelona, Esp. : _bLarousse, _c2009. |
||
| 300 |
_a[24] p. : _bil. col. |
||
| 440 | 3 | _aLas historias de Álex | |
| 650 | 4 |
_aLiteratura infantil española _95892 |
|
| 650 | 4 |
_aLibros y lectura para niños _92290 |
|
| 650 | 4 |
_aDisciplina de niños _914102 |
|
| 700 | 1 |
_aInduráin, Jorge, _ecoaut. _933273 |
|
| 905 | _aInfantil | ||
| 999 |
_c182922 _d182922 |
||